[Event "MK Cafe op-A"]
[Site "Koszalin"]
[Date "1997.08.06"]
[Round "5"]
[White "Sherbakov, Ruslan"]
[Black "Syrtlanov, Vil"]
[Result "1-0"]
[WhiteElo "2580"]
[BlackElo "2375"]

1.d4 Nf6 2.Nf3 g6 3.c4 Bg7 4.Nc3 O-O 5.e4 d6 6.Be2 e5 7.O-O Nc6 8.d5 Ne7
9.Nd2 a5 10.a3 Nd7 11.Rb1 f5 12.b4 Kh8 13.f3 c6 14.Kh1 f4 15.dxc6 Nxc6 16.Nb5 axb4
17.axb4 Nf6 18.Nb3 Nh5 19.Kg1 Ng3 20.Rf2 Be6 21.Bd2 g5 22.Bd3 h5 23.Be1 g4
24.fxg4 Bxg4 25.Rf3 h4 26.hxg3 hxg3 27.Bxg3 Bxf3 28.Qxf3 fxg3 29.Qh5+ Kg8
30.c5 Nxb4 31.Bc4+ d5 32.exd5 Rf4 33.N3d4 exd4 34.d6+ Kf8 35.Nc7 Qf6 36.Ne6+ Qxe6
37.Bxe6 d3 38.Qh7 Bd4+ 39.Kh1  1-0

[Event "MK Cafe op-A"]
[Site "Koszalin"]
[Date "1997.08.06"]
[Round "5"]
[White "Nielsen, Peter Heine"]
[Black "Brustman, Agnieszka"]
[Result "0-1"]
[WhiteElo "2515"]
[BlackElo "2380"]

1.Nf3 Nf6 2.c4 g6 3.Nc3 Bg7 4.e4 d6 5.d4 O-O 6.Be2 e5 7.O-O Nc6 8.d5 Ne7
9.b4 Nh5 10.Re1 f5 11.c5 fxe4 12.Nxe4 Nf4 13.Bxf4 Rxf4 14.cxd6 cxd6 15.Nfd2 Kh8
16.g3 Rf8 17.Nc4 Nf5 18.Bg4 b5 19.Na5 Nd4 20.Nc6 Nxc6 21.dxc6 d5 22.Nc3 Bxg4
23.Qxg4 Qd6 24.c7 Qxc7 25.Nxb5 Qb6 26.Qe2 d4 27.Rac1 Rf7 28.a4 Raf8 29.a5 Qb8
30.Rc6 Rxf2 31.Qc4 Qb7 32.Nd6 Qd7 33.Ne4 Rb2 34.Re6 d3 35.Rd1 Qf7 36.Nf6 Bxf6
37.Rf1 Qb7 38.Rc6 Rc2  0-1

[Event "Montecatini Terme op"]
[Site "Montecatini Terme"]
[Date "1997.08.07"]
[Round "7"]
[White "Gleizerov, Evgeny"]
[Black "Nurkic, Sahbaz"]
[Result "1-0"]
[WhiteElo "2560"]
[BlackElo "2430"]

1.d4 Nf6 2.c4 g6 3.Nc3 Bg7 4.e4 d6 5.Nf3 O-O 6.Be2 e5 7.O-O Nc6 8.d5 Ne7
9.Nd2 Ne8 10.b4 f5 11.c5 Kh8 12.a4 Ng8 13.Nc4 fxe4 14.Nxe4 Ngf6 15.Nc3 Ng8
16.Ba3 Nh6 17.b5 b6 18.cxd6 cxd6 19.Bb4 Rf4 20.a5 Rb8 21.axb6 axb6 22.Ra7 Bb7
23.Qb1 Nf5 24.Bd3 Qh4 25.Be4 Nf6 26.f3 Bh6 27.Qe1 Qh5 28.Nxd6 Nxe4 29.Ncxe4  1-0

[Event "Budapest FS08 IM"]
[Site "Budapest"]
[Date "1997.08.08"]
[Round "7"]
[White "Murzin, Lenar"]
[Black "Pirisi, Gabor"]
[Result "0-1"]
[WhiteElo "2310"]
[BlackElo "2355"]

1.d4 Nf6 2.c4 g6 3.Nc3 Bg7 4.e4 O-O 5.Nf3 d6 6.Be2 e5 7.O-O Nc6 8.d5 Ne7
9.b4 Ne8 10.c5 f5 11.Nd2 Nf6 12.f3 Bh6 13.Nc4 Bxc1 14.Rxc1 f4 15.b5 b6 16.cxd6 cxd6
17.a4 g5 18.a5 Ng6 19.Ra1 bxa5 20.Rxa5 Nh4 21.Qe1 Rf7 22.Qf2 Ne8 23.Rfa1 g4
24.fxg4 f3 25.gxf3 h5 26.Qg3 Rg7 27.Kh1 Qg5 28.Rg1 Rb8 29.Raa1 Rbb7 30.gxh5 Qxh5
31.Qf2 Bh3 32.Rg3 Bg2+ 33.Kg1 Rxg3 34.hxg3 Nxf3+ 35.Kxg2 Qh2+ 36.Kxf3 Rf7+
37.Ke3 Qxf2+ 38.Kd2 Rc7 39.Ra4 Qxg3 40.Ra3 Qf2 41.Ne3 Nf6 42.Kd3 Rh7 43.Ncd1 Qf4
44.Ra4 Rh3 45.Rc4 Kf8 46.Rc8+ Ke7 47.Rc7+ Kd8 48.Rc4 Rg3 49.Rc6 Qxe4+ 50.Kd2 Qd4+  0-1

[Event "MK Cafe op-A"]
[Site "Koszalin"]
[Date "1997.08.08"]
[Round "7"]
[White "Sherbakov, Ruslan"]
[Black "Agamaliev, Djamil"]
[Result "1-0"]
[WhiteElo "2580"]
[BlackElo "2480"]

1.d4 Nf6 2.Nf3 g6 3.c4 Bg7 4.Nc3 d6 5.e4 O-O 6.Be2 e5 7.O-O Nc6 8.d5 Ne7
9.Nd2 c5 10.dxc6 bxc6 11.b4 d5 12.Ba3 Re8 13.b5 d4 14.Na4 Bh6 15.Nc5 a6 16.Bb4 Nd7
17.a4 Rb8 18.Ndb3 Nxc5 19.Nxc5 Kh8 20.Nd3 Ng8 21.bxa6 Bxa6 22.Qc2 Nf6 23.Bf3 Nd7
24.Bd6 Ra8 25.Bg4 Bg7 26.c5 Nf8 27.Rfe1 h5 28.Be2 Qd7 29.Reb1 f5 30.Nb4 Bxe2
31.Qxe2 Ne6 32.exf5 Nf4 33.Qf3 Qxf5 34.Nxc6 g5 35.Ne7 Qf7 36.Qe4 Qe6 37.Nf5 Bf6
38.Rb7  1-0

[Event "MK Cafe op-A"]
[Site "Koszalin"]
[Date "1997.08.09"]
[Round "8"]
[White "Kosiorek, Marek"]
[Black "Myc, Marcin"]
[Result "1/2-1/2"]
[WhiteElo "2255"]
[BlackElo "2350"]

1.d4 Nf6 2.Nf3 g6 3.c4 Bg7 4.Nc3 O-O 5.e4 d6 6.Be2 e5 7.O-O Nc6 8.d5 Ne7
9.Ne1 Nd7 10.Be3 f5 11.f3 Kh8 12.Nd3 f4 13.Bf2 c5 14.dxc6 bxc6 15.b4 Nf6
16.c5 d5 17.Nxe5 Qc7 18.Nd3 Nxe4 19.Nxe4 dxe4 20.fxe4 Be6 21.Rc1 Bxa2 22.Ne1 Qe5
23.Qc2 Bg8 24.Nf3 Qe6  1/2-1/2

[Event "Budapest FS08 IM"]
[Site "Budapest"]
[Date "1997.08.10"]
[Round "9"]
[White "Nezar, Mustapha"]
[Black "Pirisi, Gabor"]
[Result "1-0"]
[WhiteElo "2225"]
[BlackElo "2355"]

1.c4 g6 2.Nc3 Bg7 3.d4 d6 4.Nf3 Nf6 5.e4 O-O 6.Be2 e5 7.O-O Nc6 8.d5 Ne7
9.Ne1 Nd7 10.Be3 f5 11.f3 f4 12.Bf2 g5 13.Nd3 h5 14.a4 Rf6 15.a5 Rg6 16.c5 Nf6
17.cxd6 cxd6 18.Nb5 g4 19.Nxa7 g3 20.Bb6 gxh2+ 21.Kxh2 Qf8 22.Nxc8 Nxc8 23.Bf2 h4
24.Rh1 Qd8 25.Qb3 Nh5 26.Qxb7 Qg5 27.Ne1 h3 28.gxh3 Ng3 29.Qxa8 Bf6 30.Qxc8+ Bd8
31.Rg1 Kh7 32.a6 Qh4 33.Qd7+ Kh6 34.Rg2 Rg7 35.Qxg7+ Kxg7 36.a7 Bb6 37.Bxb6 Kh7
38.a8=Q Qh6 39.Ra7+ Kg6 40.Qg8+ Kh5 41.Qg4+  1-0

[Event "BCF-ch"]
[Site "Hove"]
[Date "1997.08.15"]
[Round "11"]
[White "Summerscale, Aaron"]
[Black "Hebden, Mark"]
[Result "1/2-1/2"]
[WhiteElo "2420"]
[BlackElo "2575"]

1.Nf3 Nf6 2.c4 g6 3.Nc3 Bg7 4.e4 d6 5.d4 O-O 6.Be2 e5 7.O-O Nc6 8.d5 Ne7
9.b4 Kh8 10.c5 Neg8 11.Bg5 h6 12.Bh4 g5 13.Bg3 Nxe4 14.Nxe4 f5 15.Nc3 f4
16.Nd2 Nf6 17.Nde4 a5 18.cxd6 cxd6 19.bxa5 Rxa5 20.Qb3 Bf5 21.f3 fxg3 22.hxg3 Rf7
23.g4 Bh7 24.Rac1 b5 25.Nxf6 Bxf6 26.Nxb5 e4 27.fxe4 Bxe4 28.Rc6 Qe7 29.Qc4 Rxb5
30.Qxb5 Qa7+ 31.Kh1 Qe3 32.Bf3 Bd3 33.Qb8+ Kg7 34.Rfc1 Be5 35.Rc7 Bg6 36.Qb4 Rxc7
37.Rxc7+ Kf6 38.Rc6 Kg7 39.Rc7+ Bf7 40.Qe4 Qf2 41.Rc1 Qh4+ 42.Kg1 Bg6 43.Qe3 h5
44.Rc4 Kh6 45.Re4 Bxe4 46.Qxe4 Bd4+  1/2-1/2

[Event "Chania op 7th"]
[Site "Chania"]
[Date "1997.09.07"]
[Round "5"]
[White "Eftimakis, Dimitros"]
[Black "Hadzidakis, Mihail"]
[Result "0-1"]
[WhiteElo "2130"]
[BlackElo "2225"]

1.d4 Nf6 2.c4 g6 3.Nc3 Bg7 4.e4 d6 5.Be2 O-O 6.Nf3 e5 7.O-O Nc6 8.d5 Ne7
9.Ne1 Nd7 10.Be3 f5 11.f3 f4 12.Bf2 g5 13.Nd3 Nf6 14.a4 Ng6 15.c5 h5 16.cxd6 cxd6
17.a5 g4 18.Kh1 g3 19.hxg3 fxg3 20.Bxg3 h4 21.Bf2 Nh5 22.Qe1 Bh6 23.g4 hxg3
24.Bxg3 Bd2 25.Qf2 Be3 26.Qg2 Kf7 27.Bf2 Nhf4  0-1

[Event "RUS-ch (Women)"]
[Site "Elista"]
[Date "1997.09.21"]
[Round "3"]
[White "Umanskaya, Irina"]
[Black "Shadrina, Tatiana"]
[Result "1/2-1/2"]
[WhiteElo "2315"]
[BlackElo "2280"]

1.d4 Nf6 2.Nf3 g6 3.c4 Bg7 4.Nc3 d6 5.e4 O-O 6.Be2 e5 7.O-O Nc6 8.d5 Ne7
9.b4 Nh5 10.Re1 Nf4 11.Bf1 a5 12.bxa5 Rxa5 13.Nd2 c5 14.Nb3 Ra6 15.a4 f5
16.f3 Kh8 17.a5 fxe4 18.Nxe4 Nf5 19.g3 Nh5 20.g4 Nf4 21.gxf5 gxf5 22.Ng3 Rg8
23.Kh1 Qh4 24.Ne2 Nd3 25.Qxd3 Qxe1 26.Bg5  1/2-1/2

[Event "EUCup Gr3"]
[Site "Slough"]
[Date "1997.09.23"]
[Round "2"]
[White "Bosboom, Manuel"]
[Black "Kindermann, Stefan"]
[Result "0-1"]
[WhiteElo "2430"]
[BlackElo "2570"]

1.d4 Nf6 2.c4 g6 3.Nc3 Bg7 4.e4 d6 5.Nf3 O-O 6.Be2 e5 7.O-O Nc6 8.d5 Ne7
9.b4 Nh5 10.Re1 Nf4 11.Bf1 a5 12.Ba3 Bg4 13.c5 f5 14.h3 fxe4 15.hxg4 exf3
16.gxf3 Nf5 17.Ne4 Nd4 18.cxd6 cxd6 19.b5 Qh4 20.Re3 Nh3+ 21.Bxh3 Qxh3 22.Ng5 Qh4
23.Ne6 Bh6 24.Rd3 Nxe6 25.dxe6 Bf4 26.e7 Qh3 27.exf8=Q+ Rxf8 28.Qc2 Bh2+
29.Kh1 Bf4+ 30.Kg1 Bh2+ 31.Kh1 e4 32.Bb2 Be5+ 33.Kg1 Bh2+ 34.Kh1 Be5+ 35.Kg1 exf3
36.Qc4+ Rf7 37.Qc8+ Kg7 38.Bxe5+ dxe5 39.Rxf3 Qxf3 40.Rf1 Rf4 41.Qc7+ Kh6  0-1

[Event "RUS-ch (Women)"]
[Site "Elista"]
[Date "1997.09.28"]
[Round "10"]
[White "Prudnikova, Svetlana"]
[Black "Ershova, Svetlana"]
[Result "1-0"]
[WhiteElo "2385"]
[BlackElo "2205"]

1.Nf3 Nf6 2.c4 g6 3.Nc3 Bg7 4.e4 d6 5.d4 O-O 6.Be2 e5 7.O-O Nc6 8.d5 Ne7
9.b4 Nh5 10.Re1 Nf4 11.Bf1 a5 12.bxa5 Rxa5 13.a4 c5 14.Qb3 f5 15.Bxf4 fxe4
16.Bxe5 exf3 17.Bxg7 Kxg7 18.g3 Nf5 19.Nb5 Bd7 20.Qc3+ Kg8 21.Bd3 Bxb5 22.Bxf5 Rxf5
23.axb5 Rxa1 24.Qxa1 Qd7 25.Re6 Re5 26.b6 Rxe6 27.dxe6 Qe7 28.Qa3 Qf8 29.h3 Kg7
30.Qe3 Qe7 31.Qxf3 Kg8 32.Qe4 Kg7 33.Kg2 Kf6 34.g4 h6 35.h4 g5 36.Qf5+ Kg7
37.h5 Qe8 38.Kg3 Qf8 39.Qg6+  1-0

[Event "Oberliga Wuert9798"]
[Site "Wuerttemberg"]
[Date "1997.09.29"]
[Round "1"]
[White "Raedeker, Bernd"]
[Black "Pflichthofer, Peter"]
[Result "1-0"]
[WhiteElo "2225"]
[BlackElo "2255"]

1.c4 Nf6 2.Nc3 g6 3.e4 d6 4.d4 Bg7 5.Be2 O-O 6.Nf3 e5 7.O-O Nc6 8.d5 Ne7
9.b4 Nh5 10.Re1 h6 11.Nd2 Nf4 12.Bf1 a6 13.c5 g5 14.Nc4 f5 15.g3 Nfg6 16.cxd6 cxd6
17.Be3 b5 18.Nb6 Rb8 19.Nxc8 Rxc8 20.Bd2 fxe4 21.Nxe4 Nf5 22.Qh5 Nge7 23.Bh3 Nd4
24.Bxc8 Nxc8 25.Kg2 Nc2 26.Rac1 Nxe1+ 27.Bxe1 Ne7 28.Qg4 Nf5 29.Rc6 Rf7 30.Bd2 Bf8
31.h4 Qd7 32.Kh2 Rg7 33.Nf6+  1-0

[Event "ESP-ch"]
[Site "Torrevieja"]
[Date "1997.10.02"]
[Round "5"]
[White "Estremera Panos, Sergio"]
[Black "Herraiz, Herminio"]
[Result "1/2-1/2"]
[WhiteElo "2430"]
[BlackElo "2355"]

1.Nf3 Nf6 2.c4 g6 3.Nc3 Bg7 4.e4 d6 5.d4 O-O 6.Be2 e5 7.O-O Nc6 8.d5 Ne7
9.Nd2 a5 10.a3 c6 11.Rb1 b5 12.cxb5 cxd5 13.exd5 Bb7 14.Bf3 Qc7 15.Re1 Nd7
16.Nf1 h6 17.Be3 f5 18.Rc1 Qd8 19.Be2 Rc8 20.f3 Nb6 21.Qd2 Kh7 22.Bf2 Nbxd5  1/2-1/2

[Event "Budapest FS10 IM-B"]
[Site "Budapest"]
[Date "1997.10.12"]
[Round "8"]
[White "Paschall, William M"]
[Black "Horvath, Adam"]
[Result "0-1"]
[WhiteElo "2280"]
[BlackElo "2415"]

1.d4 Nf6 2.c4 g6 3.Nc3 Bg7 4.e4 d6 5.Nf3 O-O 6.Be2 e5 7.O-O Nc6 8.d5 Ne7
9.b4 Ne8 10.c5 f5 11.Nd2 Nf6 12.a4 Kh8 13.f3 f4 14.Nc4 h5 15.Ba3 Ne8 16.a5 g5
17.b5 dxc5 18.b6 axb6 19.axb6 cxb6 20.d6 Nc6 21.d7 Bxd7 22.Nxb6 Qxb6 23.Qxd7 Nf6
24.Qe6 Qa5 25.Nb5 Qd2 26.Ra2 Qd7 27.Qc4 b6 28.Bb2 Rxa2 29.Qxa2 Qd2 30.Nc3 Nd4
31.Bc4 g4 32.Nb5 gxf3 33.gxf3 Nxb5 34.Bxb5 Rd8 35.Qb3 Nh7 36.Bc1 Qd4+ 37.Kh1 Ng5
38.h4 c4 39.Qxc4 Qxc4 40.Bxc4 Nxf3 41.Rxf3 Rc8 42.Bxf4 Rxc4 43.Bg5 Rb4 44.Rc3 Bf8
45.Rc8 Kg7 46.Rc7+ Kg6 47.Rc6+ Kf7 48.Rf6+ Kg8 49.Rg6+ Bg7 50.Rc6 b5 51.Rc8+ Kh7
52.Rb8 Rxe4 53.Rxb5 Rg4 54.Rb6 e4 55.Re6 Kg8 56.Kh2 Kf7 57.Re7+ Kg6 58.Kh3 Bd4
59.Rd7 Be5  0-1

[Event "Budapest FS10 IM-B"]
[Site "Budapest"]
[Date "1997.10.12"]
[Round "8"]
[White "Dudas, Janos"]
[Black "Ciornei, Dragos"]
[Result "1-0"]
[WhiteElo "2400"]
[BlackElo "2165"]

1.d4 Nf6 2.Nf3 g6 3.c4 Bg7 4.Nc3 d6 5.e4 O-O 6.Be2 e5 7.O-O Nc6 8.d5 Ne7
9.Ne1 Nd7 10.f3 f5 11.g4 fxg4 12.fxg4 Rxf1+ 13.Kxf1 h6 14.h4 Kh7 15.g5 Ng8
16.Be3 Bf8 17.Qd2 Be7 18.Kg2 Nf8 19.Nd3 b6 20.Rg1 a5 21.b3 Bd7 22.Kf2 Kh8
23.Ke1 Nh7 24.Kd1 h5 25.Kc2 Nf8 26.Ra1 Be8 27.Qc1 Nd7 28.a3 Nc5 29.b4 Nxd3
30.Kxd3 Ra7 31.Qb2 Qa8 32.Ra2 Kg7 33.Bd1 Bd7 34.Bb3 axb4 35.axb4 Rxa2 36.Qxa2 Qxa2
37.Bxa2 Kf8 38.Nd1 Ke8 39.c5 Bb5+ 40.Kc3 bxc5 41.bxc5 Kd8 42.Bb3 Kc8 43.Kb4 Bd7
44.c6 Bh3 45.Bc4 Kb8 46.Nf2 Bc8 47.Nd3 Bd8 48.Nxe5 dxe5 49.d6 cxd6 50.Bxg8 Bg4
51.Bf7 Kc7 52.Bxg6 Kxc6 53.Bf5 Bf3 54.g6 Bf6 55.Bh6 d5 56.g7 Bxg7 57.Bxg7 dxe4
58.Bh6 e3 59.Bxe3 Kd5 60.Kc3 Be2 61.Kd2 Bf3 62.Bb6 e4 63.Ke3 Bg2 64.Bc7 Kc6
65.Bg3 Kd5 66.Bf4 Bh1 67.Bg6 Bf3 68.Bg3 Ke6 69.Bxe4 Bg4 70.Kf4 Kf6 71.Bf2 Kg7
72.Kg5  1-0

[Event "Petah Tiqwa It 3th"]
[Site "Petah Tiqwa"]
[Date "1997.10.15"]
[Round "2"]
[White "Tsesarsky, Ilya"]
[Black "Peker, Oleg"]
[Result "1-0"]
[WhiteElo "2445"]
[BlackElo "2370"]

1.Nf3 Nf6 2.c4 g6 3.Nc3 Bg7 4.e4 d6 5.d4 O-O 6.Be2 e5 7.O-O Nc6 8.d5 Ne7
9.b4 Nh5 10.Re1 a5 11.bxa5 Nf4 12.Bf1 Rxa5 13.Nd2 c5 14.a4 Ra6 15.Ra3 Kh8
16.Nb5 Ng8 17.Nf3 Bh6 18.Bb2 Bg7 19.h3 Nh6 20.Bc1 f6 21.Nh2 Nf7 22.g3 Nh5
23.Be2 Bh6 24.Bxh6 Nxh6 25.Bxh5 gxh5 26.Qxh5 Ng8 27.Qd1 f5 28.exf5 Rxf5 29.Ree3 Qf8
30.Rf3 Rxf3 31.Qxf3 Qh6 32.Ng4 Qxh3 33.Nf6 Qh6 34.Ne4 Qg6 35.a5 Bg4 36.Qe3 Bd7
37.Nc7 Ra7 38.Ng5 Nf6 39.Nce6 Kg8 40.Rb3 h6 41.Nf3 Ng4 42.Qe2 Bxe6 43.Nh4 Qh7
44.dxe6 h5 45.Qd2 Qe7 46.Nf5 Qf6 47.e7 Ra8 48.Nxd6  1-0

[Event "Petah Tiqwa It 3th"]
[Site "Petah Tiqwa"]
[Date "1997.10.16"]
[Round "4"]
[White "Tsesarsky, Ilya"]
[Black "Dembo, Yelena"]
[Result "1/2-1/2"]
[WhiteElo "2445"]
[BlackElo "2090"]

1.Nf3 Nf6 2.c4 g6 3.Nc3 Bg7 4.e4 d6 5.d4 O-O 6.Be2 e5 7.O-O Nc6 8.d5 Ne7
9.b4 Nh5 10.Re1 f5 11.Ng5 Nf6 12.Bf3 c6 13.Rb1 h6 14.Ne6 Bxe6 15.dxe6 Qc7
16.b5 Rad8 17.bxc6 bxc6 18.Ba3 Qc8 19.Bxd6 Qxe6 20.c5 Ne8 21.Rb7 Nxd6 22.cxd6 Rxd6
23.Qa4 Nc8 24.Bd1 Kh8 25.Bb3 Qf6 26.Qa6 Rd4 27.Rc7 fxe4 28.Rf1 Ne7 29.Rxa7 Nf5
30.Ra8 Rxa8 31.Qxa8+ Rd8 32.Qa7 Rd4 33.Qa8+ Rd8 34.Qa7 Rd4 35.Re1 e3 36.fxe3 Rd8
37.Qa4 h5 38.Ne4 Qe7 39.Qxc6 Kh7 40.Qe6 Qh4 41.Nf2 Rd2 42.g3 Nxg3 43.Qh3 Ne2+
44.Rxe2 Qxh3 45.Nxh3 Rxe2 46.Ng5+ Kh8 47.Nf7+ Kg8 48.Ng5+ Kf8 49.Ne6+ Ke7
50.Nxg7 Rxe3 51.Kf2 Rh3 52.Kg2 Rd3  1/2-1/2

[Event "Copa Itau Mercosul"]
[Site "Sao Paulo"]
[Date "1997.10.25"]
[Round "7"]
[White "Ramon, Vivian"]
[Black "Marques, Vinicius"]
[Result "1/2-1/2"]
[WhiteElo "2365"]
[BlackElo "2255"]

1.c4 Nf6 2.d4 g6 3.Nc3 Bg7 4.e4 d6 5.Be2 O-O 6.Nf3 e5 7.O-O Nc6 8.dxe5 dxe5
9.Bg5 Qxd1 10.Raxd1 Bg4 11.Rd3 Nxe4 12.Nxe4 f5 13.Nc5 e4 14.Rd2 exf3 15.gxf3 Bh3
16.Rfd1 Rae8 17.Bf1 Ne5 18.Bxh3 Nxf3+ 19.Kf1 Nxg5 20.Bg2 Ne4 21.Nxe4 fxe4
22.Ke2 c5 23.Rd7 Bxb2 24.Rxb7 Bd4 25.Rf1 e3 26.Bd5+ Kh8 27.f3 Rb8 28.Rfb1 Rxb7
29.Rxb7 Rf5 30.Rb8+ Kg7 31.Rb7+ Kh8 32.Rb8+ Kg7 33.Rb7+ Kh8  1/2-1/2

[Event "WchT 4th"]
[Site "Luzern"]
[Date "1997.10.26"]
[Round "2"]
[White "Savchenko, Stanislav"]
[Black "Arakhamia, Ketevan"]
[Result "1-0"]
[WhiteElo "2565"]
[BlackElo "2430"]

1.Nf3 Nf6 2.c4 g6 3.Nc3 Bg7 4.e4 d6 5.d4 O-O 6.Be2 e5 7.O-O Nc6 8.d5 Ne7
9.b4 Nh5 10.Re1 a5 11.bxa5 Rxa5 12.a4 Nf4 13.Bf1 c5 14.Nb5 Ra6 15.Ra3 h6
16.Nd2 g5 17.g3 Nfg6 18.Be2 f5 19.exf5 Nxf5 20.Bh5 Nge7 21.Bg4 Bd7 22.Ne4 Kh8
23.Bb2 Be8 24.Bh5 Ng6 25.Qb1 Nfe7 26.Rb3 Bf7 27.a5 Nc8 28.Nbc3 Nge7 29.Bxf7 Rxf7
30.Rxb7 Qxa5 31.Nb5 Rb6 32.Bc3 Qa6 33.Rxb6 Qxb6 34.Nbxd6 Rf3 35.Ne8 Ng6 36.d6 Qc6
37.Nxg5 Qxe8  1-0

[Event "Hellir op"]
[Site "Reykjavik"]
[Date "1997.10.26"]
[Round "3"]
[White "Halldorsson, Bragi"]
[Black "Hillarp Persson, Tiger"]
[Result "1-0"]
[WhiteElo "2270"]
[BlackElo "2445"]

1.d4 g6 2.c4 Bg7 3.Nc3 Nf6 4.e4 d6 5.Be2 O-O 6.Nf3 e5 7.O-O Nc6 8.d5 Ne7
9.Ne1 Ne8 10.f3 f5 11.g4 Kh8 12.Nd3 f4 13.Kh1 Bf6 14.Rg1 Bh4 15.Bd2 g5 16.Be1 Ng6
17.b4 Nf6 18.Kg2 h5 19.h3 Kg7 20.Bxh4 Nxh4+ 21.Kf2 Rh8 22.Ke1 hxg4 23.hxg4 c6
24.Kd2 Qc7 25.Qb3 Bd7 26.Rac1 Rac8 27.Rc2 Be8 28.Kc1 Bf7 29.Kb1 Qb6 30.Rcc1 Qe3
31.Qd1 cxd5 32.cxd5 Be8 33.Rh1 Qd4 34.Kb2 Bb5 35.Nxf4 Qxb4+ 36.Qb3 Qxb3+
37.axb3 Bxe2 38.Ne6+ Kg6 39.Nxe2 Nxf3 40.Ng3 Nh4 41.Rxc8 Rxc8 42.Nf5 Rh8
43.Nxd6 Nxg4 44.Rg1 Kh5 45.Nxg5 Rf8 46.Ne6 Rf2+ 47.Ka3 b6 48.Ne8 Nf3 49.N8g7+ Kh4
50.Nf5+ Kh5 51.Rg3 Ne1 52.Neg7+ Kg5 53.Ne6+ Kh5 54.d6 Nc2+ 55.Ka4 a6 56.b4 Rf1
57.Kb3  1-0

[Event "WchT 4th"]
[Site "Luzern"]
[Date "1997.11.01"]
[Round "8"]
[White "Pelletier, Yannick"]
[Black "Arakhamia, Ketevan"]
[Result "1/2-1/2"]
[WhiteElo "2465"]
[BlackElo "2430"]

1.d4 Nf6 2.c4 g6 3.Nc3 Bg7 4.e4 d6 5.Nf3 O-O 6.Be2 e5 7.O-O Nc6 8.d5 Ne7
9.b4 c6 10.Nd2 a5 11.bxa5 Qxa5 12.Qc2 c5 13.a4 Nd7 14.Nb5 Ra6 15.Ra3 f5 16.exf5 Nxf5
17.Ne4 Nf6 18.Bd2 Qd8 19.Bd3 Nxe4 20.Bxe4 Rf7 21.Rb1 Qf8 22.Be1 Bh6 23.Qd3 Bg5
24.Nc3 Bd8 25.Ne2 Ba5 26.Bxa5 Rxa5 27.Qd2 Ra6 28.a5 Qd8 29.Ra2 Qh4 30.f3 Qd8
31.Rb5 Nd4 32.Nxd4 exd4 33.Qe1 Qg5 34.Re2 Re7 35.h4 Qf4 36.h5 Kg7 37.Rbb2 Re5
38.hxg6 hxg6 39.g3 Qf6 40.f4 Re8 41.Bd3 Re3 42.Rxe3 dxe3 43.Qxe3 Rxa5 44.Rb1 Ra3
45.Qe4 Rc3 46.Kf2 Ra3 47.Kg1 Rc3 48.Kf2 Ra3 49.Rg1  1/2-1/2

[Event "WchT 4th"]
[Site "Luzern"]
[Date "1997.11.02"]
[Round "9"]
[White "Savchenko, Stanislav"]
[Black "Cvitan, Ognjen"]
[Result "0-1"]
[WhiteElo "2565"]
[BlackElo "2570"]

1.Nf3 Nf6 2.c4 g6 3.Nc3 Bg7 4.e4 d6 5.d4 O-O 6.Be2 e5 7.O-O Nc6 8.d5 Ne7
9.b4 Nh5 10.Re1 f5 11.Ng5 Nf6 12.Bf3 fxe4 13.Ncxe4 Nf5 14.Bb2 Nxe4 15.Nxe4 a5
16.b5 b6 17.g3 Bd7 18.Bg2 g5 19.a4 h6 20.Qd2 Kh8 21.Bc3 g4 22.Rf1 Qe8 23.f4 gxf3
24.Rxf3 Qg6 25.Raf1 Ne7 26.Rxf8+ Rxf8 27.Rxf8+ Bxf8 28.c5 Bg7 29.cxb6 cxb6
30.Bb2 Nf5 31.Qf2 Nd4 32.Ba3 Bg4 33.h4 Bd1 34.Nxd6 Bxa4 35.Kh2 Bc2 36.Nc8 Qf5
37.Qxf5 Bxf5 38.Bf1 Bxc8  0-1

[Event "RUS-Cup01 Chigorin mem"]
[Site "St Petersburg"]
[Date "1997.11.02"]
[Round "2"]
[White "Kirusha, Andrey"]
[Black "Zaitsev, Igor A"]
[Result "0-1"]
[WhiteElo "2305"]
[BlackElo "2475"]

1.d4 Nf6 2.c4 d6 3.Nc3 g6 4.e4 Bg7 5.Be2 O-O 6.Nf3 e5 7.O-O Nc6 8.d5 Ne7
9.Ne1 c6 10.b4 Bd7 11.Be3 cxd5 12.cxd5 Rc8 13.Rc1 Rxc3 14.Rxc3 Nxe4 15.Ra3 a6
16.Nf3 Nf6 17.Ra5 Bc8 18.Qd2 b6 19.Ra3 b5 20.Bg5 Bb7 21.Bxf6 Bxf6 22.Ng5 Nxd5
23.Ne4 Nf4 24.Bf3 Bxe4 25.Bxe4 d5 26.Bf3 Bg5 27.Qc2 e4 28.Bd1 Nd3 29.Rb3 Qd7
30.Be2 Nf4 31.Bd1 Bf6 32.Rg3 Rc8 33.Qd2 Qd6 34.Bb3 Nd3 35.Qh6 Bg7 36.Qg5 Be5
37.Rh3 Nf4 38.Rh4 h5 39.g3 Ne6 40.Qd2 Nd4 41.Bd1 Bf6 42.Rh3 Qe6 43.Kg2 Nf3
44.Qe3 Rc3 45.Qa7 Rc1 46.Qa8+ Kg7 47.g4 Rxd1  0-1

[Event "RUS-Cup01 Chigorin mem"]
[Site "St Petersburg"]
[Date "1997.11.02"]
[Round "2"]
[White "Iskusnyh, Sergei"]
[Black "Fedorov, Alexei"]
[Result "1/2-1/2"]
[WhiteElo "2455"]
[BlackElo "2600"]

1.Nf3 g6 2.d4 Nf6 3.c4 Bg7 4.Nc3 O-O 5.e4 d6 6.Be2 e5 7.O-O Nc6 8.d5 Ne7
9.b4 Nh5 10.Re1 f5 11.Ng5 Nf6 12.Bf3 c6 13.Be3 f4 14.Bc1 h6 15.Ne6 Bxe6 16.dxe6 Nc8
17.c5 Qe7 18.Qb3 Re8 19.Be2 Kh7 20.b5 Qxe6 21.Bc4 Qe7 22.Ba3 dxc5 23.bxc6 bxc6
24.Na4 Nd6 25.Bxc5 Qc7 26.Bxd6 Qxd6 27.Red1 Qe7 28.Qc2 Rad8 29.Nc5 Rxd1+
30.Rxd1 Rd8 31.Rxd8 Qxd8 32.Ne6 Qa5 33.Kf1 Qb4 34.g3 Qa3 35.Bb3 Qd6 36.Ke2 Nd7
37.Qc4 Nb6 38.Qc3 fxg3 39.hxg3 Bf6 40.Qa5 Qe7 41.Qc3 Qd6  1/2-1/2

[Event "RUS-Cup01 Chigorin mem"]
[Site "St Petersburg"]
[Date "1997.11.02"]
[Round "2"]
[White "Rychagov, Andrei"]
[Black "Nikolaev, Nikita"]
[Result "1/2-1/2"]
[WhiteElo "2495"]
[BlackElo "2290"]

1.d4 Nf6 2.c4 g6 3.Nc3 Bg7 4.e4 d6 5.Be2 O-O 6.Nf3 e5 7.O-O Nc6 8.d5 Ne7
9.b4 Nh5 10.Re1 f5 11.Ng5 Nf4 12.Bxf4 exf4 13.Rc1 fxe4 14.Ncxe4 Nf5 15.c5 Nd4
16.Bc4 f3 17.g3 Kh8 18.Kh1 Bf5 19.Ne6 Bxe6 20.dxe6 d5 21.Nc3 dxc4 22.e7 Qd7
23.exf8=Q+ Rxf8 24.Re4 Re8 25.Rxe8+ Qxe8 26.Qe1 Ne2 27.Nxe2 fxe2 28.Kg1 Qe4
29.Qd2 Qd3 30.Qe3 Qd1+ 31.Kg2 h5 32.f4 Kh7 33.f5 gxf5 34.h3 Qd3 35.Qf3 Bc3
36.Qxh5+ Kg7 37.Qg5+ Kf7 38.Qh5+ Ke6 39.Qe8+ Kd5 40.Qd7+ Ke4 41.Qe6+ Kd4
42.Qf6+ Ke3 43.Qh6+ Kd4  1/2-1/2

[Event "RUS-Cup01 Chigorin mem"]
[Site "St Petersburg"]
[Date "1997.11.04"]
[Round "4"]
[White "Nikitin, Andrey"]
[Black "Frolov, Denis"]
[Result "1-0"]
[WhiteElo "2480"]
[BlackElo "2325"]

1.c4 Nf6 2.Nc3 g6 3.d4 Bg7 4.e4 d6 5.Be2 O-O 6.Nf3 e5 7.O-O Nc6 8.d5 Ne7
9.Ne1 Nd7 10.Be3 f5 11.f3 f4 12.Bf2 g5 13.a4 Nf6 14.a5 Ng6 15.c5 h5 16.cxd6 cxd6
17.Nb5 g4 18.Nxa7 Bd7 19.Bb6 Qe7 20.Bb5 g3 21.Bxd7 Nxd7 22.h3 Nxb6 23.axb6 Qd8
24.Qb3 Ne7 25.Nd3 Nc8 26.Nxc8 Rxa1 27.Rxa1 Qxc8 28.Kf1 Bf6 29.Ke2 Qd7 30.Rc1 Rc8
31.Rxc8+ Qxc8 32.Qa4 Kf7 33.Kd2 Bd8 34.Qa7 Ke8 35.b3 Qd7 36.Qa5 Qc8 37.Nb2 Be7
38.Nc4 Kf7 39.Kd3 Kf8 40.Qa3 Qb8 41.Kc3 Qc8 42.Kb2 Qb8 43.Qb4 Qc8 44.Nxe5 dxe5
45.d6 Qe6 46.dxe7+ Ke8 47.Qc5 Qd7 48.Kc2  1-0

[Event "RUS-Cup01 Chigorin mem"]
[Site "St Petersburg"]
[Date "1997.11.04"]
[Round "4"]
[White "Rychagov, Andrei"]
[Black "Klimov, Sergey"]
[Result "1-0"]
[WhiteElo "2495"]
[BlackElo "2355"]

1.d4 Nf6 2.Nf3 g6 3.c4 Bg7 4.Nc3 O-O 5.e4 d6 6.Be2 e5 7.O-O Nc6 8.d5 Ne7
9.Nd2 a5 10.a3 Nd7 11.Rb1 f5 12.b4 Kh8 13.Qc2 Nf6 14.f3 Nh5 15.c5 axb4 16.axb4 Nf4
17.Nc4 g5 18.Be3 Neg6 19.cxd6 cxd6 20.Bb6 Qd7 21.exf5 Qxf5 22.Ne4 Nh4 23.Rf2 Qg6
24.Bf1 g4 25.Nexd6 g3 26.hxg3 Qxg3 27.Ne4 Qg6 28.Be3 Nxd5 29.Bg5 Nf5 30.Qd2 Nd4
31.Ne3 Nf4 32.Nc2 Ra2 33.Qd1 Qb6 34.Nxd4 Rxf2 35.Nxf2 exd4 36.Be7 Re8 37.Bc5 Qd8
38.Qd2 Ne6 39.Bb5 Rg8 40.Ne4 b6 41.Bd6 Bb7 42.Bh2 Bd5 43.Re1 Qh4 44.Nd6 Ra8
45.Qf2 Qxf2+ 46.Kxf2 Ra2+ 47.Re2 Ra3 48.Nf5 d3 49.Rd2 Bf8 50.Be5+ Kg8 51.Nd6 Nd4
52.Nc4 Rb3 53.Nxb6 Rxb4 54.Nxd5 Rxb5 55.Nf6+ Kf7 56.Bxd4 Bg7 57.Rxd3 Bxf6
58.Bxf6 Kxf6 59.Rd7 Kg6 60.Kg3 Rb6 61.Ra7 Rb4 62.Kh3 Rb5 63.g3 Rh5+ 64.Kg4 Rg5+
65.Kf4 Rb5 66.Kg4 Rg5+ 67.Kh3 Rh5+ 68.Kg2 Rb5 69.f4 Rb3 70.Kh3 Rb4 71.Kg4 Rc4
72.Rb7 Ra4 73.Rc7 Rb4 74.Ra7 Rc4 75.Ra6+ Kg7 76.Kg5 Rc3 77.Ra7+ Kg8 78.g4 Rc6
79.f5 h6+ 80.Kh5 Rb6 81.Re7  1-0

[Event "RUS-Cup01 Chigorin mem"]
[Site "St Petersburg"]
[Date "1997.11.04"]
[Round "4"]
[White "Karpeshov, Oleg"]
[Black "Kruppa, Yuri"]
[Result "1-0"]
[WhiteElo "2430"]
[BlackElo "2535"]

1.d4 Nf6 2.c4 g6 3.Nc3 Bg7 4.e4 d6 5.Nf3 O-O 6.Be2 e5 7.O-O Nc6 8.d5 Ne7
9.Bg5 Nh5 10.Ne1 Nf4 11.Nd3 Nxe2+ 12.Qxe2 h6 13.Bxe7 Qxe7 14.b4 h5 15.c5 Bd7
16.c6 bxc6 17.dxc6 Bxc6 18.b5 Bb7 19.Nb4 f5 20.Ncd5 Qh4 21.Rac1 Rf7 22.Rc4 fxe4
23.Rxe4 Qg5 24.a4 Raf8 25.f3 Bh6 26.Kh1 Qd2 27.Qc4 Kh8 28.h3 Qg5 29.Kh2 Qf5
30.Nc6 Qe6 31.a5 Bd2 32.a6 Bxc6 33.bxc6 Rb8 34.Rd1 Bf4+ 35.Kh1 Bg3 36.Qe2 Rb3
37.Re3 Rb8 38.Red3 Rb5 39.Qe3 Rc5 40.Nxc7 Rxc7 41.Rxd6  1-0